| 000 | 01183nam0a22002771 4500 | ||
|---|---|---|---|
| 001 | rc\4482930 | ||
| 005 | 20130416170922.4 | ||
| 021 |
_aRU _b[57-19324] |
||
| 035 | _a(NLR Aleph) 008334771 | ||
| 090 |
_a8839633 _c8839633 |
||
| 100 | _a20130416d1957 |||y0rusy50 ca | ||
| 101 | 0 | _arus | |
| 102 | _aRU | ||
| 105 | _aa z ||||| | ||
| 200 | 1 |
_aЛегенды и мифы древней Греции _f[Подгот. к изд. и введ. А.Г. Бокщанина |
|
| 205 | _a4-е изд.] | ||
| 210 |
_aМосква _cУчпедгиз _d1957 |
||
| 215 |
_a463 с. _cил. _d23 |
||
| 320 | _aПереводы важнейших произведений древнегреч. и лат. авторов, содержащие изложение греч. мифов; Книги, содержащие подробный разбор греч. мифологии, эпоса и драматургии: с. 444-445 | ||
| 700 | 1 |
_aКун _bН. А. _f1877-1940 _gНиколай Альбертович _3RU\NLR\auth\7764396 _4070 |
|
| 702 | 1 |
_aБокщанин _bА. Г. _4080 |
|
| 801 | 0 |
_aRU _bNLR _gpsbo |
|
| 801 | 1 |
_aRU _bELAR _2rusmarc |
|
| 852 |
_aNLR _j57-5/1412 |
||
| 942 | _cBOOK | ||
| 980 | _aNB | ||